| 000 | 00697 a2200217 4500 | ||
|---|---|---|---|
| 003 | Nust | ||
| 005 | 20170207164715.0 | ||
| 020 | _a978-0-87421-492-5 | ||
| 035 | _a(EBZ)ebs1171379e | ||
| 035 | _a(EBZ)ebs1171379e | ||
| 040 | _cNust | ||
| 100 | 1 | _aBridgeford, Tracy | |
| 245 | 1 | 0 |
_aInnovative Approaches to Teaching Technical Communication(E BOOK) _h[Elektronisk resurs] |
| 260 |
_bUtah State University _c2004 |
||
| 300 | _a369p | ||
| 500 | _aE BOOK | ||
| 655 | 4 | _aElectronic books | |
| 700 | 1 | _aKitalong, Karla Saari | |
| 700 | 1 | _aSelfe, Dickie | |
| 856 | 4 | 0 | _uhttp://webproxy.student.hig.se:2048/login?url=http://search.ebscohost.com/login.aspx?direct=true&scope=site&db=nlebk&db=nlabk&AN=388993 |
| 942 |
_2ddc _cBK |
||
| 999 |
_c209748 _d209748 |
||